[Event "SLO-chT2 Ost"]
[Site "Maribor"]
[Date "2009.11.14"]
[Round "9"]
[White "Kukovec, Borut"]
[Black "Krivec, Sandi"]
[Result "1/2-1/2"]
[WhiteElo "2229"]
[BlackElo "2058"]
[PlyCount "89"]
[EventDate "2009.05.30"]
[EventType "team-tourn"]
[EventRounds "9"]
[EventCountry "SLO"]
[SourceTitle "EXT 2022"]
[Source "ChessBase"]
[SourceDate "2021.10.06"]
[SourceVersion "1"]
[SourceVersionDate "2021.10.06"]
[SourceQuality "1"]

1. Nf3 d5 2. g3 Nf6 3. Bg2 Bf5 4. b3 Nc6 5. Bb2 e6 6. 0-0 Bd6 7. d3 e5 8. Nbd2 Qd7 9. c4 d4 10. Ng5 h6 11. Nge4 Bh3 12. Nxf6+ gxf6 13. e3 0-0-0 14. exd4 exd4 15. Ne4 Bxg2 16. Kxg2 Be7 17. Qh5 f5 18. Nd2 Ne5 19. Nf3 Nxf3 20. Qxf3 h5 21. h4 Rhg8 22. Rae1 Bf6 23. Bc1 Rg4 24. Bf4 Bxh4 25. Rh1 Rdg8 26. Re5 Bg5 27. Bxg5 R8xg5 28. Rhe1 Qc6 29. Re8+ Kd7 30. R8e7+ Kd6 31. Rxf7 Qxf3+ 32. Kxf3 h4 33. gxh4 Rxh4 34. Ree7 Rh3+ 35. Ke2 Rg1 36. Rxc7 Ra1 37. Rfd7+ Ke5 38. Rd5+ Ke6 39. Rxd4 Rxa2+ 40. Kf1 Rf3 41. Rxb7 Rfxf2+ 42. Kg1 Rg2+ 43. Kh1 Rh2+ 44. Kg1 Rhg2+ 45. Kh1 1/2-1/2

[Event "SLO-chT2 Ost"]
[Site "Maribor"]
[Date "2009.09.05"]
[Round "5"]
[White "Ivekovic, Mario"]
[Black "Kukovec, Borut"]
[Result "1/2-1/2"]
[WhiteElo "2292"]
[BlackElo "2229"]
[PlyCount "53"]
[EventDate "2009.05.30"]
[EventType "team-tourn"]
[EventRounds "9"]
[EventCountry "SLO"]
[SourceTitle "EXT 2022"]
[Source "ChessBase"]
[SourceDate "2021.10.06"]
[SourceVersion "1"]
[SourceVersionDate "2021.10.06"]
[SourceQuality "1"]

1. g3 Nf6 2. Bg2 d5 3. d3 g6 4. Nd2 c5 5. e4 dxe4 6. dxe4 Nc6 7. Ngf3 Bg7 8. 0-0 0-0 9. Re1 b6 10. Qe2 a5 11. e5 Nd5 12. c3 Qc7 13. e6 Bxe6 14. Ng5 Qe5 15. Nxe6 fxe6 16. Nc4 Qxe2 17. Rxe2 Kf7 18. Nxb6 Rad8 19. Be3 Nxe3 20. Rxe3 Ne5 21. Bh3 Rd3 22. Rae1 Nf3+ 23. Rxf3+ Rxf3 24. Bxe6+ Ke8 25. Nd7 Rxf2 26. Nxf8 Rxf8 27. Rf1 1/2-1/2

[Event "SLO-chT2 East"]
[Site "Brezice Maribor"]
[Date "2008.10.18"]
[Round "7"]
[White "Bozic, Marjan"]
[Black "Kukovec, Borut"]
[Result "0-1"]
[WhiteElo "2091"]
[BlackElo "2228"]
[PlyCount "94"]
[EventDate "2008.10.24"]
[EventType "team-tourn"]
[EventRounds "9"]
[EventCountry "SLO"]
[SourceTitle "EXT 2010"]
[Source "ChessBase"]
[SourceDate "2010.11.25"]
[SourceVersion "1"]
[SourceVersionDate "2010.11.25"]
[SourceQuality "1"]

1. e4 c5 2. Nf3 Nc6 3. d4 cxd4 4. Nxd4 Qc7 5. Nc3 e6 6. Ndb5 Qb8 7. a3 a6 8. Nd4 Qc7 9. Nb3 b5 10. f4 d6 11. Be2 Bb7 12. Be3 Nf6 13. Bf3 Nd7 14. f5 Nde5 15. fxe6 fxe6 16. Nd4 Nxd4 17. Qxd4 Be7 18. 0-0-0 0-0 19. Be2 Rad8 20. g4 Bf6 21. Qb6 Qxb6 22. Bxb6 Rd7 23. h4 Nc6 24. g5 Bxc3 25. bxc3 Ne5 26. Bd3 Rc8 27. Kb2 Bxe4 28. Rhe1 Bd5 29. Bd4 Nf3 30. Re3 Rf8 31. Be4 Bxe4 32. Rxe4 Rf5 33. Rxe6 Nxh4 34. Be3 Nf3 35. g6 hxg6 36. Rdxd6 Rxd6 37. Rxd6 Rf6 38. Rd8+ Kh7 39. Bd4 Nxd4 40. cxd4 g5 41. d5 g4 42. d6 g3 43. d7 Rd6 44. Re8 g2 45. Re1 Rxd7 46. Kc3 Rf7 47. Rg1 Rf2 0-1

[Event "Ptuj op"]
[Site "Ptuj"]
[Date "2008.08.15"]
[Round "8"]
[White "Kukovec, Borut"]
[Black "Crepan, Marjan"]
[Result "1/2-1/2"]
[WhiteElo "2228"]
[BlackElo "2363"]
[PlyCount "47"]
[EventDate "2008.08.09"]
[EventType "swiss"]
[EventRounds "9"]
[EventCountry "SLO"]
[SourceTitle "CBM 125 Extra"]
[Source "ChessBase"]
[SourceDate "2008.09.01"]
[SourceVersion "1"]
[SourceVersionDate "2008.09.01"]
[SourceQuality "1"]

1. Nf3 d5 2. g3 Nf6 3. Bg2 c6 4. b3 Bf5 5. Bb2 Nbd7 6. 0-0 h6 7. d3 e6 8. Nbd2 Be7 9. c4 0-0 10. Qc2 Bh7 11. a3 a5 12. Bc3 Qb6 13. Qb2 Rfc8 14. b4 a4 15. c5 Qa6 16. Bd4 Ne8 17. Rfe1 f6 18. Bh3 Nf8 19. Qc2 Rd8 20. Bb2 Nc7 21. Rad1 Bg6 22. Bf1 Nb5 23. e4 Qa7 24. e5 1/2-1/2

[Event "Ptuj op"]
[Site "Ptuj"]
[Date "2008.08.13"]
[Round "6"]
[White "Kukovec, Borut"]
[Black "Kolar, Drago"]
[Result "1-0"]
[WhiteElo "2228"]
[BlackElo "1902"]
[PlyCount "61"]
[EventDate "2008.08.09"]
[EventType "swiss"]
[EventRounds "9"]
[EventCountry "SLO"]
[SourceTitle "CBM 125 Extra"]
[Source "ChessBase"]
[SourceDate "2008.09.01"]
[SourceVersion "1"]
[SourceVersionDate "2008.09.01"]
[SourceQuality "1"]

1. Nf3 d5 2. g3 Nf6 3. Bg2 Bf5 4. b3 e6 5. 0-0 Be7 6. Bb2 0-0 7. d3 Nbd7 8. Nbd2 c6 9. c4 Qb6 10. Qc2 h6 11. a3 a5 12. Bc3 Bc5 13. Qb2 Ng4 14. d4 Be7 15. c5 Qb5 16. Rfe1 Qa6 17. b4 a4 18. h3 Ngf6 19. Ne5 Nxe5 20. dxe5 Ne8 21. Bf1 Qa7 22. Bd4 Nc7 23. e3 f6 24. f4 fxe5 25. Bxe5 Bf6 26. Rad1 Rad8 27. Nf3 Rde8 28. Kh2 Be4 29. Nd2 Bg6 30. e4 Nb5 31. exd5 1-0

[Event "Ptuj op"]
[Site "Ptuj"]
[Date "2008.08.12"]
[Round "5"]
[White "Purgar, Ivona"]
[Black "Kukovec, Borut"]
[Result "1-0"]
[WhiteElo "2026"]
[BlackElo "2228"]
[PlyCount "93"]
[EventDate "2008.08.09"]
[EventType "swiss"]
[EventRounds "9"]
[EventCountry "SLO"]
[SourceTitle "CBM 125 Extra"]
[Source "ChessBase"]
[SourceDate "2008.09.01"]
[SourceVersion "1"]
[SourceVersionDate "2008.09.01"]
[SourceQuality "1"]

1. e4 c5 2. Nf3 Nc6 3. d4 cxd4 4. Nxd4 Qc7 5. Nc3 e6 6. Be2 a6 7. 0-0 Nf6 8. Be3 Bb4 9. Na4 Be7 10. Nxc6 bxc6 11. Nb6 Rb8 12. Nxc8 Qxc8 13. e5 Nd5 14. Bc1 Bc5 15. c4 Ne7 16. b3 Qc7 17. Bb2 d6 18. exd6 Bxd6 19. g3 Be5 20. Qc2 Nf5 21. Rad1 Bxb2 22. Qxb2 c5 23. Bf3 Nd4 24. Rxd4 cxd4 25. Qxd4 0-0 26. c5 a5 27. c6 e5 28. Qc5 Rfd8 29. Re1 Re8 30. Bd5 Kh8 31. a3 f5 32. b4 axb4 33. axb4 e4 34. b5 h6 35. Rb1 Rb6 36. Bf7 Reb8 37. Bd5 Re8 38. Bc4 f4 39. Rd1 Rbb8 40. Rd7 Qa5 41. Qd4 Qe1+ 42. Kg2 f3+ 43. Kh3 Rg8 44. Bxg8 Rxg8 45. c7 Qf1+ 46. Kh4 Qxb5 47. Rxg7 1-0

[Event "SLO-chT2 East"]
[Site "Brezice Maribor"]
[Date "2008.06.07"]
[Round "4"]
[White "Kukovec, Borut"]
[Black "Florjancic, Rudolf"]
[Result "1-0"]
[WhiteElo "2228"]
[BlackElo "2023"]
[PlyCount "72"]
[EventDate "2008.10.24"]
[EventType "team-tourn"]
[EventRounds "9"]
[EventCountry "SLO"]
[SourceTitle "EXT 2010"]
[Source "ChessBase"]
[SourceDate "2010.11.25"]
[SourceVersion "1"]
[SourceVersionDate "2010.11.25"]
[SourceQuality "1"]

1. Nf3 d5 2. g3 Nf6 3. Bg2 c5 4. 0-0 e6 5. c4 Nc6 6. d4 cxd4 7. cxd5 Qxd5 8. Nxd4 Qc5 9. Nxc6 bxc6 10. Be3 Qb5 11. Nc3 Qa6 12. Bd4 Bb7 13. Bxf6 gxf6 14. Ne4 Rd8 15. Qc1 Be7 16. Qh6 f5 17. Qg7 Rf8 18. Nf6+ Bxf6 19. Qxf6 Qb6 20. Rfd1 Qc7 21. Rac1 Rc8 22. Qd4 Ke7 23. Qxa7 Kf6 24. Qd4+ Kg6 25. e4 Rfd8 26. exf5+ exf5 27. Qc5 f6 28. Bh3 Qe5 29. Qxe5 fxe5 30. Bg2 Kf6 31. b4 e4 32. a4 Ke5 33. Bf1 h5 34. a5 h4 35. a6 Ba8 36. Rc5+ Ke6 1-0

[Event "Portoroz op 9th"]
[Site "Portoroz"]
[Date "2007.10.01"]
[Round "7"]
[White "Kukovec, Borut"]
[Black "Crepan, Marjan"]
[Result "1/2-1/2"]
[WhiteElo "2223"]
[BlackElo "2323"]
[PlyCount "55"]
[EventDate "2007.09.28"]
[EventType "swiss"]
[EventRounds "7"]
[EventCountry "SLO"]
[SourceTitle "CBM 120 Extra"]
[Source "ChessBase"]
[SourceDate "2007.11.01"]
[SourceVersion "1"]
[SourceVersionDate "2007.11.01"]
[SourceQuality "1"]

1. Nf3 d5 2. g3 Nf6 3. Bg2 c6 4. 0-0 Bf5 5. b3 e6 6. Bb2 Nbd7 7. d3 h6 8. Nbd2 Be7 9. c4 0-0 10. Qc2 Bh7 11. a3 a5 12. Bc3 Qb6 13. Qb2 Rfd8 14. b4 Ne8 15. Rfb1 axb4 16. axb4 Bf6 17. Bxf6 Nexf6 18. c5 Qc7 19. Rxa8 Rxa8 20. Ra1 Qb8 21. Ra3 Ne8 22. Bh3 Nc7 23. Nd4 Nf8 24. Qa1 Rxa3 25. Qxa3 e5 26. Nf5 Bxf5 27. Bxf5 Nb5 28. Qa1 1/2-1/2

[Event "Portoroz op 9th"]
[Site "Portoroz"]
[Date "2007.09.30"]
[Round "5"]
[White "Kukovec, Borut"]
[Black "Vidic, Miha"]
[Result "1-0"]
[WhiteElo "2223"]
[BlackElo "1768"]
[PlyCount "78"]
[EventDate "2007.09.28"]
[EventType "swiss"]
[EventRounds "7"]
[EventCountry "SLO"]
[SourceTitle "CBM 120 Extra"]
[Source "ChessBase"]
[SourceDate "2007.11.01"]
[SourceVersion "1"]
[SourceVersionDate "2007.11.01"]
[SourceQuality "1"]

1. Nf3 Nf6 2. c4 c5 3. g3 g6 4. Bg2 Bg7 5. 0-0 0-0 6. d4 cxd4 7. Nxd4 Nc6 8. c5 a6 9. Nc3 Qc7 10. Nb3 h6 11. Bf4 e5 12. Be3 Ne7 13. Na4 Nf5 14. Bd2 d5 15. Nb6 Rb8 16. Nxd5 Nxd5 17. Bxd5 Qe7 18. e4 Nd4 19. Nxd4 exd4 20. Bf4 Bh3 21. Bxb8 Rxb8 22. Re1 Qxc5 23. Rc1 Qd6 24. Qf3 Qd7 25. Rc2 Bg4 26. Qf4 Rf8 27. Rc7 g5 28. Qc1 Qd6 29. Rxb7 Be5 30. Rb3 Qg6 31. f3 Bh3 32. Qd2 Qd6 33. Qf2 Rc8 34. f4 gxf4 35. gxf4 Bxf4 36. Rxh3 Be3 37. Rexe3 dxe3 38. Qxe3 Kh7 39. Qf3 f6 1-0

[Event "Portoroz op 9th"]
[Site "Portoroz"]
[Date "2007.09.29"]
[Round "3"]
[White "Kukovec, Borut"]
[Black "Belamaric, Goran"]
[Result "0-1"]
[WhiteElo "2223"]
[BlackElo "2171"]
[PlyCount "42"]
[EventDate "2007.09.28"]
[EventType "swiss"]
[EventRounds "7"]
[EventCountry "SLO"]
[SourceTitle "CBM 120 Extra"]
[Source "ChessBase"]
[SourceDate "2007.11.01"]
[SourceVersion "1"]
[SourceVersionDate "2007.11.01"]
[SourceQuality "1"]

1. Nf3 Nf6 2. c4 d6 3. g3 e5 4. Bg2 Nc6 5. Nc3 h6 6. d3 Be6 7. 0-0 Qd7 8. Re1 Bh3 9. Bh1 h5 10. Ng5 h4 11. Nxh3 hxg3 12. hxg3 Rxh3 13. Bg2 0-0-0 14. Bxh3 Qxh3 15. e3 e4 16. Nxe4 Nxe4 17. dxe4 Ne5 18. Qe2 Be7 19. f4 Qxg3+ 20. Kf1 Ng4 21. Qc2 Rh8 0-1

[Event "Portoroz op 9th"]
[Site "Portoroz"]
[Date "2007.09.28"]
[Round "1"]
[White "Kukovec, Borut"]
[Black "Ivanovic, Andrej"]
[Result "1-0"]
[WhiteElo "2223"]
[BlackElo "1811"]
[PlyCount "59"]
[EventDate "2007.09.28"]
[EventType "swiss"]
[EventRounds "7"]
[EventCountry "SLO"]
[SourceTitle "CBM 120 Extra"]
[Source "ChessBase"]
[SourceDate "2007.11.01"]
[SourceVersion "1"]
[SourceVersionDate "2007.11.01"]
[SourceQuality "1"]

1. Nf3 d5 2. g3 Nf6 3. Bg2 c6 4. b3 Bf5 5. Bb2 e6 6. 0-0 Nbd7 7. d3 h6 8. Nbd2 Bh7 9. Re1 Bc5 10. e4 dxe4 11. Nxe4 Nxe4 12. dxe4 0-0 13. Qe2 Qe7 14. a3 a5 15. c4 Rfd8 16. Nd4 Ne5 17. Red1 Qg5 18. Kh1 Ng4 19. f4 Qg6 20. Bf3 e5 21. Nf5 Nf2+ 22. Qxf2 Bxf2 23. Ne7+ Kf8 24. Nxg6+ Bxg6 25. Bxe5 Bc5 26. Bb2 Re8 27. f5 Bh7 28. Rd7 Rad8 29. Rad1 Rxd7 30. Rxd7 1-0

[Event "SLO-chT2 East"]
[Site "Brezice Maribor"]
[Date "2007.05.26"]
[Round "1"]
[White "Kukovec, Borut"]
[Black "Bohak, Janko"]
[Result "1-0"]
[WhiteElo "2223"]
[BlackElo "2158"]
[PlyCount "49"]
[EventDate "2007.05.26"]
[EventType "team-tourn"]
[EventRounds "9"]
[EventCountry "SLO"]
[SourceTitle "EXT 2010"]
[Source "ChessBase"]
[SourceDate "2010.11.25"]
[SourceVersion "1"]
[SourceVersionDate "2010.11.25"]
[SourceQuality "1"]

1. Nf3 Nf6 2. c4 g6 3. g3 Bg7 4. Bg2 c5 5. 0-0 0-0 6. Nc3 Nc6 7. d4 d6 8. dxc5 dxc5 9. Bf4 Nd4 10. Be5 Nc6 11. Bf4 Nd4 12. Rc1 Nh5 13. Be3 Rb8 14. Qa4 Qb6 15. Bxd4 cxd4 16. Nd5 Qd6 17. Qxa7 e5 18. c5 Qxd5 19. Qxb8 e4 20. Nd2 f5 21. Nc4 Bh6 22. Nb6 Qf7 23. Rcd1 Bg7 24. Nxc8 Qd7 25. Nb6 1-0

[Event "SLO-chT2 East"]
[Site "Velenje"]
[Date "2005.10.28"]
[Round "6"]
[White "Coklin, Marko"]
[Black "Kukovec, Borut"]
[Result "0-1"]
[WhiteElo "2198"]
[BlackElo "2198"]
[PlyCount "86"]
[EventDate "2005.05.27"]
[EventType "team"]
[EventRounds "9"]
[EventCountry "SLO"]
[SourceTitle "EXT 2009"]
[Source "ChessBase"]
[SourceDate "2008.11.26"]
[SourceVersion "1"]
[SourceVersionDate "2008.11.26"]
[SourceQuality "1"]

1. c4 Nf6 2. g3 g6 3. Bg2 d5 4. cxd5 Nxd5 5. Nc3 Nb6 6. Nf3 Bg7 7. d4 0-0 8. 0-0 Nc6 9. d5 Na5 10. e4 Bg4 11. h3 Bxf3 12. Qxf3 c6 13. Rd1 cxd5 14. exd5 Rc8 15. Nb5 Qd7 16. Nd4 Rfd8 17. Nb3 Nac4 18. Rb1 Bf6 19. Nd4 Qxd5 20. Qxf6 exf6 21. Bxd5 Rxd5 22. b3 Ne5 23. Be3 Rcd8 24. Rdc1 Rxd4 25. Bxd4 Rxd4 26. Rc7 Rd7 27. Rbc1 Nc6 28. Rxd7 Nxd7 29. a3 Kf8 30. b4 a6 31. Rb1 b5 32. Rc1 Nde5 33. Rc5 Ke7 34. f4 Nf3+ 35. Kf2 Nfd4 36. Ke3 Kd6 37. Ke4 f5+ 38. Ke3 a5 39. Kd3 axb4 40. Rc1 bxa3 41. Ra1 b4 42. Kc4 Nc2 43. Rd1+ N2d4 0-1

[Event "SLO-chT2 East"]
[Site "Velenje"]
[Date "2005.09.29"]
[Round "4"]
[White "Cojhter, Karl"]
[Black "Kukovec, Borut"]
[Result "0-1"]
[WhiteElo "2124"]
[BlackElo "2198"]
[PlyCount "70"]
[EventDate "2005.05.27"]
[EventType "team"]
[EventRounds "9"]
[EventCountry "SLO"]
[SourceTitle "EXT 2009"]
[Source "ChessBase"]
[SourceDate "2008.11.26"]
[SourceVersion "1"]
[SourceVersionDate "2008.11.26"]
[SourceQuality "1"]

1. e4 c5 2. Nf3 e6 3. d4 cxd4 4. Nxd4 a6 5. Nc3 Qc7 6. g3 Nc6 7. Nb3 Nf6 8. Bg2 b5 9. 0-0 d6 10. f4 Bb7 11. Be3 Be7 12. a3 0-0 13. g4 Nd7 14. g5 g6 15. Qg4 b4 16. axb4 Nxb4 17. Rac1 Rfe8 18. Rf3 Nxc2 19. Rxc2 Bxe4 20. Rff2 Bxc2 21. Rxc2 d5 22. Nd4 Qd6 23. h4 Nb6 24. b3 Rac8 25. h5 Qb4 26. hxg6 hxg6 27. Nde2 Bc5 28. Qg3 d4 29. Na2 Qxb3 30. Rxc5 Rxc5 31. Bxd4 Qxg3 32. Nxg3 Rc2 33. Nb4 Rc4 34. Nc6 Nd5 35. Bxd5 exd5 0-1

[Event "SLO-ch"]
[Site "Dobrna"]
[Date "2002.08.05"]
[Round "3"]
[White "Barle, Janez"]
[Black "Kukovec, Borut"]
[Result "0-1"]
[WhiteElo "2356"]
[BlackElo "2145"]
[PlyCount "66"]
[EventDate "2002.08.03"]
[EventType "k.o."]
[EventRounds "7"]
[EventCountry "SLO"]
[SourceTitle "CBM 089 Extra"]
[Source "ChessBase"]
[SourceDate "2002.09.10"]
[SourceVersion "2"]
[SourceVersionDate "2002.09.10"]
[SourceQuality "1"]

1. b3 Nf6 2. Bb2 d5 3. e3 g6 4. c4 Bg7 5. cxd5 Qxd5 6. Nc3 Qa5 7. Nf3 0-0 8. Bc4 a6 9. a4 c5 10. 0-0 Nc6 11. Qc1 Rd8 12. h3 Bf5 13. Ng5 Ne5 14. e4 Nxc4 15. bxc4 Bh6 16. f4 Bxg5 17. fxg5 Nxe4 18. Nxe4 Bxe4 19. d3 Bf5 20. Qf4 Qb6 21. Rab1 Qd6 22. Be5 Qc6 23. g4 Be6 24. Rb3 b5 25. axb5 axb5 26. cxb5 Qb7 27. Rbb1 Rxd3 28. Kh2 Raa3 29. Rbd1 Ra2+ 30. Rf2 Rxf2+ 31. Qxf2 Rxd1 32. b6 Qh1+ 33. Kg3 Rg1+ 0-1

[Event "SLO-ch"]
[Site "Dobrna"]
[Date "2002.08.03"]
[Round "1"]
[White "Pregarac, Valter"]
[Black "Kukovec, Borut"]
[Result "1-0"]
[WhiteElo "2061"]
[BlackElo "2145"]
[PlyCount "103"]
[EventDate "2002.08.03"]
[EventType "k.o."]
[EventRounds "7"]
[EventCountry "SLO"]
[SourceTitle "CBM 089 Extra"]
[Source "ChessBase"]
[SourceDate "2002.09.10"]
[SourceVersion "2"]
[SourceVersionDate "2002.09.10"]
[SourceQuality "1"]

1. d4 d5 2. c4 e6 3. Nc3 Nf6 4. Bg5 Nbd7 5. cxd5 exd5 6. e3 c6 7. Bd3 Qa5 8. Qc2 Bb4 9. Nge2 0-0 10. 0-0 Bd6 11. Rfc1 Ne4 12. Bxe4 dxe4 13. Nxe4 Bc7 14. Bf4 Bxf4 15. Nxf4 Qd8 16. Rd1 Nb6 17. Nc5 Qg5 18. Ne4 Qe7 19. Ng3 g5 20. Nd3 h5 21. Qc5 Qd8 22. e4 h4 23. Nf5 Qf6 24. Qe7 Nd7 25. Qxf6 Nxf6 26. Ne7+ Kg7 27. Nxc8 Raxc8 28. f3 Rfd8 29. Nc5 Rc7 30. b4 Nd7 31. Nb3 Nb6 32. a4 f6 33. Rdc1 Rcd7 34. Kf2 Kf7 35. Ke3 Ke7 36. Rc3 f5 37. a5 f4+ 38. Kd3 Nc8 39. Rc5 Kf6 40. a6 Ne7 41. axb7 Rxb7 42. Kc3 Rdb8 43. Ra4 Rb6 44. Rca5 Nc8 45. Nc5 Ke7 46. Na6 R8b7 47. Rxg5 Nd6 48. Nc5 Nb5+ 49. Kc4 Nd6+ 50. Kb3 Rc7 51. Rg7+ Nf7 52. e5 1-0

[Event "Bled op-A 23rd"]
[Site "Bled"]
[Date "2002.07.09"]
[Round "8"]
[White "Rodman, Franc"]
[Black "Kukovec, Borut"]
[Result "1-0"]
[WhiteElo "2220"]
[BlackElo "2145"]
[PlyCount "47"]
[EventDate "2002.07.02"]
[EventType "swiss"]
[EventRounds "9"]
[EventCountry "SLO"]
[SourceTitle "CBM 089 Extra"]
[Source "ChessBase"]
[SourceDate "2002.09.10"]
[SourceVersion "2"]
[SourceVersionDate "2002.09.10"]
[SourceQuality "1"]

1. d4 Nf6 2. c4 g6 3. g3 Bg7 4. Bg2 d5 5. cxd5 Nxd5 6. e4 Nb6 7. Ne2 c5 8. d5 e6 9. 0-0 exd5 10. exd5 0-0 11. Nbc3 Bf5 12. b3 Na6 13. Be3 Rc8 14. Rc1 Nb4 15. Ne4 Bxe4 16. Bxe4 Qe7 17. Bg2 Rfd8 18. Nf4 g5 19. Nd3 N4xd5 20. Bxc5 Rxc5 21. Rxc5 Nb4 22. Qe1 Qd6 23. Qxb4 Qxd3 24. Rxg5 1-0

[Event "Bled op-A 23rd"]
[Site "Bled"]
[Date "2002.07.06"]
[Round "5"]
[White "Zorko, Jure"]
[Black "Kukovec, Borut"]
[Result "1-0"]
[WhiteElo "2165"]
[BlackElo "2145"]
[PlyCount "143"]
[EventDate "2002.07.02"]
[EventType "swiss"]
[EventRounds "9"]
[EventCountry "SLO"]
[SourceTitle "CBM 089 Extra"]
[Source "ChessBase"]
[SourceDate "2002.09.10"]
[SourceVersion "2"]
[SourceVersionDate "2002.09.10"]
[SourceQuality "1"]

1. e4 c5 2. Nf3 Nc6 3. d4 cxd4 4. Nxd4 Qc7 5. Nc3 e6 6. Be2 a6 7. 0-0 Nf6 8. Be3 Bb4 9. Na4 Be7 10. Nxc6 bxc6 11. Nb6 Rb8 12. Nxc8 Qxc8 13. Bd4 c5 14. Be5 Rb6 15. b3 0-0 16. Bd3 d6 17. Bb2 c4 18. Bxc4 Nd7 19. f4 e5 20. f5 Qc5+ 21. Kh1 Nf6 22. Qf3 Qc6 23. Rfe1 Rbb8 24. Rad1 a5 25. a4 Qc5 26. Ra1 Rfd8 27. Ba3 Qc7 28. Rad1 Qb7 29. Bb2 Rdc8 30. Bc1 Rc7 31. Bd2 Qb6 32. Qe3 Rc5 33. Qf3 Rc7 34. Re2 Rbc8 35. Be1 Rc6 36. c3 Rxc4 37. bxc4 Rxc4 38. Qd3 Qc6 39. Bh4 Rxa4 40. Bxf6 Bxf6 41. h3 Be7 42. Rb2 h6 43. Rb8+ Kh7 44. Qd5 Qxd5 45. exd5 e4 46. Re8 Bf6 47. Re1 Be5 48. Rxe5 dxe5 49. d6 Ra2 50. Rd1 e3 51. d7 e2 52. d8Q exd1Q+ 53. Qxd1 e4 54. Qe1 Ra4 55. c4 Rxc4 56. Qxa5 f6 57. Qd5 Ra4 58. Qe6 Rb4 59. Kg1 Rb1+ 60. Kf2 Rb4 61. Ke3 Ra4 62. h4 Ra3+ 63. Kf4 e3 64. g4 Ra4+ 65. Kf3 Ra3 66. Qe8 Rc3 67. g5 hxg5 68. hxg5 fxg5 69. Qg6+ Kg8 70. f6 g4+ 71. Ke2 Rc7 72. Qe8+ 1-0

[Event "Bled op-A 23rd"]
[Site "Bled"]
[Date "2002.07.02"]
[Round "1"]
[White "Kukovec, Borut"]
[Black "Stojanovski, Dejan"]
[Result "1/2-1/2"]
[WhiteElo "2145"]
[BlackElo "2416"]
[PlyCount "87"]
[EventDate "2002.07.02"]
[EventType "swiss"]
[EventRounds "9"]
[EventCountry "SLO"]
[SourceTitle "CBM 089 Extra"]
[Source "ChessBase"]
[SourceDate "2002.09.10"]
[SourceVersion "2"]
[SourceVersionDate "2002.09.10"]
[SourceQuality "1"]

1. Nf3 Nf6 2. c4 c5 3. Nc3 g6 4. d4 cxd4 5. Nxd4 Nc6 6. e4 d6 7. Be2 Nxd4 8. Qxd4 Bg7 9. Be3 0-0 10. Qd2 Be6 11. 0-0 Qa5 12. f3 Rfc8 13. b3 a6 14. Rfc1 b5 15. cxb5 axb5 16. Rab1 b4 17. Na4 Rcb8 18. Qe1 Bd7 19. Bd1 Bxa4 20. bxa4 Nd7 21. Bb3 Nc5 22. Bxc5 dxc5 23. g3 Bc3 24. Qe2 Rd8 25. Rd1 Qc7 26. Kg2 Kg7 27. Qc4 e6 28. Rxd8 Rxd8 29. Rd1 Bd4 30. Rd3 h5 31. Qc2 h4 32. Rd1 Qe7 33. Qe2 Kh8 34. f4 Qd7 35. Qb5 Qc7 36. Qc4 Qb7 37. Re1 hxg3 38. hxg3 g5 39. Qe2 Rd6 40. Qg4 e5 41. Qxg5 Rg6 42. Qh5+ Kg7 43. Rh1 Qxe4+ 44. Qf3 1/2-1/2

[Event "Ljubljana op 13th"]
[Site "Ljubljana"]
[Date "2002.06.28"]
[Round "7"]
[White "Kukovec, Borut"]
[Black "Podkriznik, Gregor"]
[Result "0-1"]
[WhiteElo "2156"]
[BlackElo "2299"]
[PlyCount "70"]
[EventDate "2002.06.22"]
[EventType "swiss"]
[EventRounds "9"]
[EventCountry "SLO"]
[SourceTitle "CBM 088 Extra"]
[Source "ChessBase"]
[SourceDate "2002.07.01"]
[SourceVersion "2"]
[SourceVersionDate "2002.07.01"]
[SourceQuality "1"]

1. Nf3 d5 2. g3 c6 3. Bg2 Bg4 4. c4 e6 5. Qb3 Qb6 6. d4 Nd7 7. Bf4 dxc4 8. Qxb6 axb6 9. Nbd2 b5 10. Ne4 Bb4+ 11. Nfd2 Ke7 12. h3 Bf5 13. 0-0 Ngf6 14. a3 Bxe4 15. Nxe4 Nxe4 16. axb4 Nef6 17. g4 Nb6 18. g5 Nfd5 19. Bd2 Rxa1 20. Rxa1 Ra8 21. Rxa8 Nxa8 22. e4 Ndb6 23. Kf1 Na4 24. Bc3 f6 25. f4 fxg5 26. fxg5 e5 27. Bf3 Nxc3 28. bxc3 exd4 29. cxd4 Nc7 30. Bg4 Na6 31. Bc8 Nxb4 32. Bxb7 Kd7 33. e5 Kc7 34. e6 Nd5 35. Ba6 Ne7 0-1